000 00465nam a2200193 a 4500
001 1757424096901
003 ACL
005 20250909185437.0
008 250909s2008##################000#0#eng##
020 _a9781847373830
082 0 4 _a784.66092
_bPRI
100 1 _aPrince,
_eauthor.
245 1 0 _a21 Nights :
260 _bGardners Books,
_c2008.
300 _a256 pages
650 0 _aBiography & Autobiography.
942 _cENGLISH
040 _aACL
_beng
_cACL
999 _c586278
_d586278